| 000 | 00884cam a2200301Ia 4500 | ||
|---|---|---|---|
| 999 |
_c10022 _d10022 |
||
| 001 | 175817528 | ||
| 003 | OCoLC | ||
| 005 | 20210208152114.0 | ||
| 008 | 071023s2007 kyua b 000 0 eng d | ||
| 020 | _a9780970220202 | ||
| 020 | _a0970220200 | ||
| 035 | _a(OCoLC)175817528 | ||
| 040 |
_aIMF _cIMF _dBDX _dMZN |
||
| 050 | _bG162A | ||
| 082 | _bG162A | ||
| 090 |
_aRC560.S43 _bG162A |
||
| 100 | 1 | _aGallagher, Steve | |
| 245 | 1 | 0 |
_aAt the altar of sexual idolatry / _cSteve Gallagher |
| 250 | _a20th anniversary edition, revised & expanded | ||
| 260 |
_aDry Ridge, Ky. : _bPure Life Ministries, _cc2007 |
||
| 300 |
_a300 pages : _billustrations ; _c22 cm |
||
| 504 | _aIncludes bibliographical references (p. [295]-300) | ||
| 650 | 0 |
_aSex addiction _xReligious aspects |
|
| 650 | 0 | _aAdultery | |
| 650 | 0 | _aPornography | |
| 650 | 0 | _aPastoral counseling | |
| 942 |
_2ddc _cBK |
||